| 000 | 00760pam a2200229 a 4500 | ||
|---|---|---|---|
| 001 | 1019379 | ||
| 005 | 20241212163219.0 | ||
| 008 | 880222s1988 nyua bf 001 0 eng | ||
| 020 | _a0873523792 (pbk.) | ||
| 050 | 0 | 0 |
_aLB2369 _b.G53 1988 |
| 082 | 0 | 0 |
_a808/.02 _219 |
| 100 | 1 |
_aGibaldi, Joseph, _d1942- |
|
| 245 | 1 | 0 |
_aMLA handbook for writers of research papers / _cJoseph Gibaldi, Walter S. Achtert. |
| 250 | _a3rd ed. | ||
| 260 |
_aNew York : _bModern Language Association of America, _c1988. |
||
| 300 |
_avii, 248 p. : _bill. ; _c22 cm. |
||
| 650 | 0 |
_aReport writing _xHandbooks, manuals, etc. |
|
| 650 | 0 |
_aResearch _xHandbooks, manuals, etc. |
|
| 700 | 1 | _aAchtert, Walter S. | |
| 710 | 2 | _aModern Language Association of America. | |
| 942 |
_2lcc _cBK _n0 |
||
| 999 |
_c2127 _d2127 |
||